000 00589nam a22001817a 4500
003 0
005 20240527082137.0
008 220723b xxu||||| |||| 00| 0 eng d
020 _a978-621-04-3689-1
050 _aHF5387
_b.M46 2022
245 _aGovernance, business ethics, risk management and internal control
_cJesse Rey L. Meneses ; Eugenio V. Villaceran
250 _a1st. ed.
260 _aManila
_bRex book store, Inc.,
_cc2022
300 _ax, 130pp.
_c26cm.
_eIncludes references and index.
_fBook
500 _aBusiness ethics.
500 _aRisk management.
942 _2lcc
_cBK
999 _c364740
_d364740